| Поле | Инд. | ПП | Название | Значение |
|---|---|---|---|---|
| Тип записи | a | |||
| Библиографический уровень | m | |||
| 001 | Контрольный номер | UNIDUBNAeb94f1d458904793b5ac9f85646057c1 | ||
| 005 | Дата корректировки | 20260330094520.3 | ||
| 008 | Кодируемые данные | 20050314 | ||
| 020 | a | ISBN | 978-5-534-00926-2 | |
| 084 | a | Индекс другой классификации/Индекс ББК | 60.55-42я73; 60.803я73; 60.821.5я73; 60.83я73; 60.832я73; 60.833я73 | |
| 100 | 1_ | a | Автор | Барков С. А. |
| 100 | 1_ | a | Автор | Зубков В. И. |
| 100 | 1_ | a | Автор | Ксенофонтова Е. Г. |
| 100 | 1_ | a | Автор | Пастухова И. В. |
| 100 | 1_ | a | Автор | Свердликова Е. А. |
| 100 | 1_ | a | Автор | Царицынский В. В. |
| 100 | 1_ | a | Автор | Юрасова М. В. |
| 100 | 1_ | a | Автор | Гавриленко О. В. |
| 245 | 10 | a | Заглавие | Организационное поведение |
| b | Продолж. заглавия | учебник и практикум для вузов | ||
| c | Ответственность | под редакцией С. А. Баркова | ||
| 260 | a | Место издания | Москва | |
| b | Издательство | Юрайт | ||
| c | Дата издания | 2024 | ||
| 300 | a | Объем | 453 с. | |
| 336 | a | Термин вида содержания | Текст | |
| 337 | a | Термин типа средства | электронный | |
| 440 | _0 | a | Серия | Высшее образование |
| 521 | 0_ | a | Примеч. о целев. назн. | психологи; бакалавриат |
| 650 | 04 | a | Основная рубрика | организационное поведение |
| a | Основная рубрика | социология | ||
| a | Основная рубрика | социология организаций | ||
| 653 | 0_ | a | Ключевые слова | групповое поведение |
| a | Ключевые слова | конфликты | ||
| a | Ключевые слова | мотивация | ||
| a | Ключевые слова | управление | ||
| 655 | a | Жанр/ форма (устаревшее) | учебное пособие | |
| 856 | 40 | a | Имя сервера/домена | ЭБС ЮРАЙТ |
| d | Путь | https://urait.ru | ||
| i | Указания/сценарий входа | Доступ по логину и паролю | ||
| u | URL | https://urait.ru/bcode/536102 | ||
| v | Время доступа к ресурсу | 25.03.2027 | ||
| y | Справочный текст | Электронная версия | ||
| 900 | a | Имя электронного ресурса | obl_Barkov_Organiz | |
| x | Справочная информация | Обложка | ||
| 900 | x | Справочная информация | Полный текст | |
| 901 | t | Тип документа | 0 | |
| 952 | a | Тип литературы для КСУ ВШ | УИ |